00337 a2200109 4500082002200000100001900022245007500041260002700116300002400143650004200167700001800209 a709.972.81bP283p aCazali, Rosina aPasos a desnivelbmapa urbano de la cultura contemporanea en Guatemala aGuatemalabHivosc2003 a129 pbcolc20.5 cm aarte guatemaltecoxculturazGuatemala aRosina Cazali